<?xml version="1.0" encoding="UTF-8"?>
<record
    xmlns:xsi="http://www.w3.org/2001/XMLSchema-instance"
    xsi:schemaLocation="http://www.loc.gov/MARC21/slim http://www.loc.gov/standards/marcxml/schema/MARC21slim.xsd"
    xmlns="http://www.loc.gov/MARC21/slim">

  <leader>01736nam a2200253 i 4500</leader>
  <controlfield tag="003">DO-SdBNP</controlfield>
  <controlfield tag="005">20240122123643.0</controlfield>
  <controlfield tag="006">a||||gr|||| 00| 0 </controlfield>
  <controlfield tag="007">ta</controlfield>
  <controlfield tag="008">240122e1996    dr ad||| |||| 00| 0 spa d</controlfield>
  <datafield tag="040" ind1=" " ind2=" ">
    <subfield code="a">DO-SdBNP</subfield>
    <subfield code="b">spa</subfield>
    <subfield code="c">BNPHU</subfield>
    <subfield code="e">rda</subfield>
  </datafield>
  <datafield tag="082" ind1=" " ind2="4">
    <subfield code="2">22</subfield>
    <subfield code="b">A445i</subfield>
  </datafield>
  <datafield tag="100" ind1="1" ind2=" ">
    <subfield code="a">Alm&#xE1;nzar Garc&#xED;a, Jos&#xE9; Nicol&#xE1;s</subfield>
    <subfield code="9">3006</subfield>
    <subfield code="e">autor</subfield>
  </datafield>
  <datafield tag="245" ind1=" " ind2=" ">
    <subfield code="a">Instructivo metodol&#xF3;gico y electoral /</subfield>
    <subfield code="c">Jos&#xE9; Nicol&#xE1;s Alm&#xE1;nzar Garc&#xED;a.</subfield>
  </datafield>
  <datafield tag="264" ind1=" " ind2=" ">
    <subfield code="a">Santo Domingo :</subfield>
    <subfield code="b">IFP,</subfield>
    <subfield code="c">1996</subfield>
  </datafield>
  <datafield tag="300" ind1=" " ind2=" ">
    <subfield code="a">59 p&#xE1;ginas ;</subfield>
    <subfield code="c">21 cm</subfield>
  </datafield>
  <datafield tag="336" ind1=" " ind2=" ">
    <subfield code="2">rdacontent</subfield>
    <subfield code="a">texto</subfield>
    <subfield code="b">txt</subfield>
  </datafield>
  <datafield tag="337" ind1=" " ind2=" ">
    <subfield code="2">rdamedia</subfield>
    <subfield code="a">sin mediaci&#xF3;n</subfield>
    <subfield code="b">n</subfield>
  </datafield>
  <datafield tag="338" ind1=" " ind2=" ">
    <subfield code="2">rdacarrier</subfield>
    <subfield code="a">volumen</subfield>
    <subfield code="b">nc</subfield>
  </datafield>
  <datafield tag="505" ind1=" " ind2=" ">
    <subfield code="a">Presentaci&#xF3;n.</subfield>
    <subfield code="t">Cap&#xED;tulo I.- Los colegios Electorales Cerrados.-- Primera etapa: Instalaci&#xF3;n.-- Llgada y credenciales.-- Mie,bros ausentes.- Materiales, urnas y csetas.-- Segunda etapa: Inscripci&#xF3;n.-- Tercera etapa: Votaci&#xF3;n.-- Orden de la Votaci&#xF3;n.-- Identificaci&#xF3;n del elector y pasos a cumplir para votar.-- el Voto observado.-- Fin de Votaci&#xF3;n.-- Cuarta etapa: Escrutinio.-- Deterninaci&#xF3;n n&#xFA;mero de elctores.-- Boletas dem&#xE1;s: Forma de soluci&#xF3;n.-- Conteo.-- Levantamiento del acta.-- Relaci&#xF3;n de Votaci&#xF3;n.-- Entrega de Resultados.</subfield>
    <subfield code="t">Cap&#xED;tulo II.- algunas interrogantes sobre los Colegios Electorales Cerrados cuya respuestas pueden ayudar a su mejor cumplimiento e interpretaci&#xF3;n.--</subfield>
    <subfield code="t">Cap&#xED;tulo III.- Poblaci&#xF3;n Electoral y Cuerpo Electoral.--</subfield>
    <subfield code="t">Cap&#xED;tulo IV.- Poblaci&#xF3;n Electoral y Cuerpo Electoral.--</subfield>
    <subfield code="t">Cap&#xED;tulo VI.- El C&#xF3;mputo Electoral: (Datos Estad&#xED;sticos).--</subfield>
    <subfield code="t">Cap&#xED;tulo VII.- La Seguna Vuelta Electoral.</subfield>
  </datafield>
  <datafield tag="590" ind1=" " ind2=" ">
    <subfield code="a">Inventariado 2024 / MF</subfield>
  </datafield>
  <datafield tag="710" ind1="2" ind2=" ">
    <subfield code="a">Instituto de Formaci&#xF3;n Pol&#xED;tica del Partido Reformista Social Cristiano</subfield>
    <subfield code="9">55055</subfield>
  </datafield>
  <datafield tag="942" ind1=" " ind2=" ">
    <subfield code="2">ddc</subfield>
    <subfield code="c">LBS1</subfield>
  </datafield>
  <datafield tag="952" ind1=" " ind2=" ">
    <subfield code="0">0</subfield>
    <subfield code="1">0</subfield>
    <subfield code="2">ddc</subfield>
    <subfield code="5">1</subfield>
    <subfield code="7">0</subfield>
    <subfield code="8">PD</subfield>
    <subfield code="a">BNPHU</subfield>
    <subfield code="b">BNPHU</subfield>
    <subfield code="c">CT</subfield>
    <subfield code="d">2014-12-22</subfield>
    <subfield code="l">0</subfield>
    <subfield code="o">A445i</subfield>
    <subfield code="p">2024-0370</subfield>
    <subfield code="r">2024-01-22</subfield>
    <subfield code="w">2024-01-22</subfield>
    <subfield code="y">LBS1</subfield>
  </datafield>
  <datafield tag="999" ind1=" " ind2=" ">
    <subfield code="c">55736</subfield>
    <subfield code="d">55736</subfield>
  </datafield>
</record>
